ნორმალური ფორმატი
MARC ფორმატი
ჩანაწერი Topical Term
ჩანაწერთა რაოდენობა, რომელიც გამოყენებულია: 3
001 - CONTROL NUMBER
- control field: 7114
003 - CONTROL NUMBER IDENTIFIER
- control field: GE_BSU
005 - DATE AND TIME OF LATEST TRANSACTION
- control field: 20200217161132.0
008 - FIXED-LENGTH DATA ELEMENTS
- fixed length control field: 200217|| aca||aabn | a|a d
040 ## - CATALOGING SOURCE
- Original cataloging agency: GE_BSU
- Transcribing agency: GE_BSU
150 ## - HEADING--TOPICAL TERM
- Topical term or geographic name entry element: Human molecular genetics.
670 ## - SOURCE DATA FOUND
- Source citation: Work cat.: (GE_BSU)50577: Strachan, T. 7113, Human molecular genetics 3 /, c2004.
